000
00307nam a22001337a 4500
008
181019b xxu||||| |||| 00| 0 eng d
020
_a
9780738603636
041
_a
eng
080
_a
370
100
_a
47
101
_a
EDU
245
_a
Praxias Midle Scool Matheamrics
_c
Friedman.m.h
942
_2
udc
_c
BK
999
_c
50183
_d
50183